| 000 | 01367nam a2200289 a 4500 | ||
|---|---|---|---|
| 001 | 000026432 | ||
| 005 | 20250221073755.0 | ||
| 008 | 110317s1997 dr a 000 0 spa d | ||
| 040 |
_aDO-SdBNP _bspa _cBNPHU |
||
| 082 |
_a304.6097293 _bR426s, 1997 |
||
| 110 | 1 |
_aRepública Dominicana. _bSecretariado Técnico de la Presidencia _bOficina Nacional de Estadística _910866 |
|
| 245 | 1 | 0 | _aVII censo nacional de población y vivienda. |
| 246 | 1 | 0 | _aSéptimo censo nacional de población y vivienda. |
| 250 | _a2a. ed. | ||
| 260 |
_aSanto Domingo : _bONE, _c1997. |
||
| 300 |
_av. : _bil. ; _c28 cm. |
||
| 500 | _aLa biblioteca posee v.5 , t.1 | ||
| 500 | _aSegunda edición de los resultados totales y definitivos del VII Censo Nacional de Población y Vivienda, referidos a las características demográficas, sociales y económicas de las viviendas de la República Dominicana"--p. [5] | ||
| 505 | 0 |
_gv.5 , t.1. _tDistrito Nacional, abril 1997 |
|
| 590 | _aInventariado, 2018/VM | ||
| 650 | 4 |
_aViviendas _zRepública Dominicana _xCensos _y1997 _953478 |
|
| 650 | 4 |
_aVivienda _xEstadísticas _y1997 _953479 |
|
| 651 | 4 |
_aRepública Dominicana _xPoblación _xEstadísticas _y1997 _936718 |
|
| 651 | 4 |
_aRepública Dominicana _xCensos _y1997 _936719 |
|
| 710 | 1 | 2 |
_aRepública Dominicana. _bOficina Nacional de Estadística _95775 |
| 910 | _aValidado. Control de calidad MFF | ||
| 999 |
_c25924 _d25924 |
||